ドラゴンクエストシリーズのサブタイトル - Statistics

General Stats
  • This quiz has been taken 171 times
  • The average score is 6 of 17
Answer Stats
発売年 タイトル サブタイトル % Correct
1988 ドラゴンクエストIII そして伝説へ...
88%
1992 ドラゴンクエストV 天空の花嫁
76%
1987 ドラゴンクエストII 悪霊の神々
56%
1990 ドラゴンクエストIV 導かれし者たち
49%
1995 ドラゴンクエストVI 幻の大地
48%
2000 ドラゴンクエストVII エデンの戦士たち
48%
2004 ドラゴンクエストVIII 空と海と大地と呪われし姫君
44%
2017 ドラゴンクエストXI 過ぎ去りし時を求めて
43%
2009 ドラゴンクエストIX 星空の守り人
36%
1998 ドラゴンクエストモンスターズ テリーのワンダーランド
20%
2012 ドラゴンクエストX 目覚めし五つの種族
17%
2016 ドラゴンクエストビルダーズ アレフガルドを復活せよ
14%
2018 ドラゴンクエストビルダーズ2 破壊神シドーとからっぽの島
10%
2016 ドラゴンクエストヒーローズII 双子の王と予言の終わり
5%
2001 ドラゴンクエストモンスターズ2 マルタのふしぎな鍵
4%
2002 ドラゴンクエストモンスターズ1・2 星降りの勇者と牧場の仲間たち
3%
2015 ドラゴンクエストヒーローズ 闇竜と世界樹の城
3%
No matching quizzes found
Score Distribution
Percent of People with Each Score
Percentile by Number Answered
Your Score History
You have not taken this quiz